సాహిత్య వ్యాసాలు / (Record no. 788694)

MARC details
000 -LEADER
fixed length control field 01219nam a2200337 a 4500
001 - CONTROL NUMBER
control field vtls000965788
003 - CONTROL NUMBER IDENTIFIER
control field NLI
005 - DATE AND TIME OF LATEST TRANSACTION
control field 20210627094517.0
008 - FIXED-LENGTH DATA ELEMENTS--GENERAL INFORMATION
fixed length control field 111230s1992 ii 000 e tel
020 ## - INTERNATIONAL STANDARD BOOK NUMBER
Terms of availability Rs. 35.00 (pbk.)
039 #9 - LEVEL OF BIBLIOGRAPHIC CONTROL AND CODING DETAIL [OBSOLETE]
-- 201112302227
-- VLOAD
040 ## - CATALOGING SOURCE
Original cataloging agency NLI
Language of cataloging teleng
Transcribing agency Vergis_Telgu
Description conventions AACR2
041 0# - LANGUAGE CODE
Language code of text/sound track or separate title tel
044 ## - COUNTRY OF PUBLISHING/PRODUCING ENTITY CODE
MARC country code ii
082 04 - DEWEY DECIMAL CLASSIFICATION NUMBER
Classification number 894.8134
100 1# - MAIN ENTRY--PERSONAL NAME
Linkage 880-01
Personal name రామమూర్తి పంతులు, గిడుగు
9 (RLIN) 678400
245 10 - TITLE STATEMENT
Linkage 880-02
Title సాహిత్య వ్యాసాలు /
Statement of responsibility, etc. గిడుగు రామమూర్తి పంతులు
260 ## - PUBLICATION, DISTRIBUTION, ETC.
Place of publication, distribution, etc. హైదరాబాదు :
Name of publisher, distributor, etc. విశాలాంధ్ర పబ్లిషింగ్ హౌస్,
Date of publication, distribution, etc. 1992
300 ## - PHYSICAL DESCRIPTION
Extent xiii, 207p. ;
Dimensions 21 cm.
650 #0 - SUBJECT ADDED ENTRY--TOPICAL TERM
Topical term or geographic name entry element Telugu prose literature
650 #0 - SUBJECT ADDED ENTRY--TOPICAL TERM
Topical term or geographic name entry element Telugu essays
650 #0 - SUBJECT ADDED ENTRY--TOPICAL TERM
Topical term or geographic name entry element Essays, Telugu
9 (RLIN) 684117
880 1# - ALTERNATE GRAPHIC REPRESENTATION
Linkage 100-01 (B
a Rāmamūrti Pantulu, Giḍugu
880 10 - ALTERNATE GRAPHIC REPRESENTATION
Linkage 245-02 (B
a Sāhitya Vyāsālu /
c Giḍugu Rāmamūrti Pantulu
887 ## - NON-MARC INFORMATION FIELD
Content of non-MARC field
901 ## - LOCAL DATA ELEMENT A, LDA (RLIN)
a 25276
b 16.09.1994
902 ## - LOCAL DATA ELEMENT B, LDB (RLIN)
a Te 894.8134 Ve 287 sa
904 ## - LOCAL DATA ELEMENT D, LDD (RLIN)
l 13409
949 ## - LOCAL PROCESSING INFORMATION (OCLC)
-- VIRTUAITEM
-- 10000
-- 100
6 DBA000025276TEL
942 ## - ADDED ENTRY ELEMENTS (KOHA)
Source of classification or shelving scheme Dewey Decimal Classification
Koha item type Books
Holdings
Withdrawn status Lost status Damaged status Not for loan Collection code Home library Current library Shelving location Date acquired Total Checkouts Full call number Barcode Date last seen Price effective from Koha item type
        Telegu National Library of India National Library of India Telegu - Book - Main Stack Division     Te 894.8134 Ve 287 sa DBA000025276TEL 27/06/2021 27/06/2021 Books
                                                                           
web counter

Copyright ©2020 The National Library of India, Govt. of India ↔ Hosted by NVLI, MOC ↔ Technology and Design by National Library of India, Ministry of Culture, Govt. of India